Nuevo curso de ciencia política

Guardat en:
Dades bibliogràfiques
Autor principal: Pasquino, Gianfranco (autor)
Format: Llibre
Idioma:espanyol
Publicat: Ciudad de México Fondo de Cultura Económica 2011
Edició:1a. ed
Col·lecció:Política y Derecho
Matèries:
Etiquetes: Afegir etiqueta
Sense etiquetes, Sigues el primer a etiquetar aquest registre!

MARC

LEADER 00000cam a2200000 a 4500
001 UCF1710
003 CL-VaPUC
005 20230321114901.0
008 120723e20110000MX |||||||||||||||||spa|d
999 |c 348398  |d 348396 
020 |a 9786071607348 
040 |c Pontificia Universidad Católica de Valparaíso 
082 0 4 |a 320.01 PAS 2011  |2 21 
100 |a Pasquino, Gianfranco  |e autor  |9 592533 
245 1 0 |a Nuevo curso de ciencia política 
250 |a 1a. ed 
260 |a Ciudad de México  |b Fondo de Cultura Económica  |c 2011 
300 |a 389 p 
490 0 |a Política y Derecho 
583 |a last modification  |c 20120723 10:17:00  |k Rodrigo Vera 
650 0 |a Ciencia política  |9 324218 
650 0 |a Política  |9 255312 
942 |c BK  |2 ddc 
945 |d 20120723 00:00:00  |a dcastane 
952 |0 0  |1 0  |4 0  |6 320_010000000000000_PAS_2011  |7 0  |8 A  |9 450385  |a BIBING  |b BIBING  |d 2019-11-22  |i 4875419  |o 320.01 PAS 2011  |p 4875419  |r 2023-03-02  |w 2019-11-22  |y BK  |k CUI 
952 |0 0  |1 0  |3 erb  |4 0  |6 320_010000000000000_PAS_2011  |7 0  |8 A  |9 450386  |a BIBHIS  |b BIBHIS  |i 525020K  |l 7  |m 1  |o 320.01 PAS 2011  |p 525020K  |r 2025-01-20  |s 2023-06-13  |w 2019-11-22  |y BK  |z Catalogado en:20151112  |k HIS 
952 |0 0  |1 0  |3 erb  |4 0  |6 320_010000000000000_PAS_2011  |7 0  |8 A  |9 450387  |a BIBHIS  |b BIBHIS  |i 5250218  |l 8  |m 2  |o 320.01 PAS 2011  |p 5250218  |r 2025-01-20  |s 2023-06-19  |w 2019-11-22  |y BK  |z Catalogado en:20151112  |k HIS 
952 |0 0  |1 0  |3 erb  |4 0  |6 320_010000000000000_PAS_2011  |7 0  |8 A  |9 450388  |a BIBHIS  |b BIBHIS  |i 5250226  |l 8  |m 5  |o 320.01 PAS 2011  |p 5250226  |r 2025-01-20  |s 2023-04-24  |w 2019-11-22  |y BK  |z Catalogado en:20151112  |k HIS 
952 |0 0  |1 0  |2 ddc  |4 0  |6 320_010000000000000_PAS_2011  |7 0  |8 A  |9 578265  |a BIBHIS  |b BIBHIS  |d 2020-04-22  |e 47  |g 20900.00  |i 5585627  |l 3  |m 1  |o 320.01 PAS 2011  |p 5585627  |r 2025-03-12  |s 2025-03-12  |t 5  |v 20900.00  |w 2021-06-23  |y BK  |k HIS